| 000 | 01280nam a2200253 i 4500 | ||
|---|---|---|---|
| 001 | 47860 | ||
| 003 | ES-MaACL | ||
| 005 | 20250817211335.0 | ||
| 007 | t| | ||
| 008 | 030618m19131944sp ||||1| spa d | ||
| 245 | 0 | 0 | _aCriaderos de hierro de España. |
| 260 |
_aMadrid : _b[s.n.], _c1913-1944 ( _fEst. tip. Sucesores de Rivadeneyra) |
||
| 300 |
_a9 v. ; _c26 cm. |
||
| 490 | 1 | _aMemorias del Instituto Geológico de España | |
| 505 | 8 | _aContiene: T. 1. Introducción al estudio de los criaderos de hierro de España / por L. de Adaro -- Criaderos de la provincia de Murcia -- T. 2. Criaderos de Asturias (2 vols.) -- T. 3. Criaderos de Guadalajara y Teruel -- T. 4. Hierros de Galicia (2 vols.) -- T. 5. Hierros de Almería y Granada (2 vols.) -- T. 6. Hierros de Córdoba y Jaén / por Antonio Carbonell Trillo-Figueroa -- Hierros de Sevilla / por Eduardo Carvajal y Acuña | |
| 650 | 4 |
_aMinerales de hierro- _zEspaña. _9160230 |
|
| 700 | 1 |
_aAdaro, Luis de, _d1849-1915 _918415 |
|
| 700 | 1 |
_aCarbonell Trillo-Figueroa, Antonio. _935068 |
|
| 700 | 1 |
_aCarvajal y Acuña, Eduardo. _935944 |
|
| 710 | 2 |
_aInstituto Geológico de España. _95076 |
|
| 830 | 0 |
_aMemorias del Instituto Geológico de España _9182220 |
|
| 852 |
_aES-MaACL _jB-13325-33 |
||
| 999 |
_c47860 _d47860 |
||